000 00719nam a2200253Ia 4500
999 _c49221
_d49221
001 16133
003 GE_BSU
005 20240327164726.0
008 181216s2013||||enk|||||||||||||| ||eng||
020 _a9780495114765
040 _cGE_BSU
041 _aeng
080 _a519.6 F-17
100 _aFaires, J. Douglas
_921612
245 _aNumerical Methods /
_cFaires, J. Douglas. Burden, Richard
264 _c2013
300 _a591p.
_b26cm.
541 _h451 L.
653 _aNumerical Methods
653 _aინფორმატიკა
653 _aსაინფორმაციო ტექნოლოგიები
700 _aBurden, Richard
_eავტორი
_921613
942 _cBK
_2udc